LEADER 00969nam a2200229 i 4500 001 000000044370 003 CaOOAMICUS 005 20050609000000.0 008 050609s1985 it u000 u ita u 013 $a15540 040 $aSeMil$bita 100 1 $aLonghi, Roberto,$d<1890-1970>.$0(OLS)http://semarc/name/5023 245 10$aCritica d'arte e buongoverno :$b1938-1969 /$cRoberto Longhi. 260 $aFirenze :$bSansoni,$c1985. 300 $aXI, 451 p. :$bcon 78 illustrazioni ;$c27 cm. 490 0 $aEdizione delle opere complete di Roberto Longhi ;$vVolume13. 830 0$aEdizione delle opere complete di Roberto Longhi ;$vVolume13.$0(OLS)http://semarc/title/17604 850 $aSeMil 852 $aSeMil$W1$xVenegono$y1$m5U XVI 24$j10525$B10525$CSeMilBibl$Z2$F10525 $81 961 $aOmaggio: Altro 996 $6245$aCritica d'arte e buongoverno :$b1938-1969$9(OLS)http://semarc/title/65621 996 $6260$aFirenze :$bSansoni$9(OLS)http://semarc/publisher/29843 LEADER 00960nam a2200205 i 4500 001 000000029888 003 CaOOAMICUS 005 20180830125448.0 008 180830s1990 it u000 u ita u 040 $aSeMil$bita 100 1 $aRavasi, Gianfranco,$c.$0(OLS)http://semarc/name/244 245 13$aIl Libro della Genesi /$cGianfranco Ravasi. 260 $aRoma :$bCittà Nuova,$c1990-1993- 300 $a2 v. ;$c20 cm. 650 4$aBibbia. Antico Testamento. Genesi - Commentari, studi, critica, interpretazioni.$0(OLS)http://semarc/subject/344 773 0 $tGuide spirituali all'Antico Testamento.$dRoma : Città Nuova, 1990.$w()254 774 0 $t1-11.$kGuide spirituali all'Antico Testamento$z88-311-3731-X$g1$w()36685 774 0 $t12-50.$kGuide spirituali all'Antico Testamento$z88-311-3735-2$g2$w()40265 996 $6245$aIl Libro della Genesi$9(OLS)http://semarc/title/40655 996 $6260$aRoma :$bCittà Nuova$9(OLS)http://semarc/publisher/29609